| 000 | 00716nam a2200205Ia 4500 | ||
|---|---|---|---|
| 003 | GCL | ||
| 008 | 140319s9999 xx 000 0 ara d | ||
| 040 |
_aGCL / _cGCL |
||
| 082 | 0 | 4 |
_a346.0482 _bس ت |
| 100 | 1 | _aسينوت حليم دوس | |
| 245 | 1 | 0 |
_aتشريعات براءات الاختراع فى مصر والدول العربية / _cسينوت حليم دوس |
| 260 |
_a[S.N] : _bمكتبه النهضه المصريه ، _c1988 |
||
| 300 | _a429 ص | ||
| 490 |
_aسلسلة الكتب القانونية _v0 |
||
| 650 | 0 | 4 | _aالقانون |
| 650 | 0 | 4 | _aبراءات الاختراع |
| 650 | 0 | 4 | _aالعلامات التجارية |
| 650 | 0 | 4 | _aالملكية الصناعية |
| 942 |
_2ddc _cBK |
||
| 999 |
_c56095 _d56095 |
||